| 000 | 00819cam a22002771 4500 | ||
|---|---|---|---|
| 999 |
_c7246 _d7246 |
||
| 001 | 2171163 | ||
| 003 | GZU | ||
| 005 | 20210506093701.0 | ||
| 008 | 740410s1967 nyu 000 0 eng | ||
| 010 | _a 67011341 | ||
| 020 | _a0750643900 | ||
| 040 |
_aDLC _cDLC _dDLC |
||
| 043 | _an-us--- | ||
| 050 | 0 | 0 |
_aHD38 _b.DRU 1967 |
| 100 | 1 |
_aDrucker, Peter F. _q(Peter Ferdinand), _d1909-2005. _eauthor |
|
| 245 | 1 | 4 |
_aThe effective executive _c[by] Peter F. Drucker. |
| 250 | _a[1st ed.] | ||
| 260 |
_aNew York, _bHarper & Row _c[1967] |
||
| 260 |
_aOxford : _bButterworth-Heinemann, _cc1967 |
||
| 300 |
_aviii, 148 p. _c22 cm. |
||
| 500 | _aIncludes index | ||
| 650 | 0 |
_aExecutives _zUnited States. |
|
| 650 | 0 | _aDecision making. | |
| 906 |
_a7 _bcbc _corignew _du _eocip _f19 _gy-gencatlg |
||
| 942 |
_2lcc _cBK _h38 _iDRU _kHD |
||